01681agaaa2200301 45000010005000000030009000050050017000140070009000310080040000400400023000800410013001031000052001161300039001682450201002072500022004082600106004303000034005365080115005705110079006855200267007645380016010315460013010476500064010607000071011247000064011957000058012597000062013177049IT-RoPAU20220918181251.0d cvaizq50131s9999||||xx ||| | || ||und|| aIT-RoPAUcIT-RoPAU aITALIANO aGrimaldi AntonellogCodice regista SPICS: 21641 aTOTEM: LETTURE, SUONI, LEZIONI (2) aTOTEM: LETTURE, SUONI, LEZIONI (2)cProdotto da: Fandango -- Sceneggiatura: Lucio Diana -- Diretto da: Grimaldi AntonellopTOTEM: LETTURE, SUONI, LEZIONI (2) (Rif. Codice opera principale : G7049) aEdizione Standard aMILANO (ITALIA)bRCS EDITORE / Distribuzione: RAITREg"1999 (1° ed.: 2000 ; Ed. Lingua Orig.: 1998)" aVHSbsonoro, col.c134 minuti a"Fotografia: Roberto Tarasco; Musica: Tarasco Roberto; Sceneggiatura: Lucio Diana; Scenografia: Lucio Diana; " a"A.; Baricco; G.; Vacis; Eugenio; Allegri; Stefania; Rocca; Daniele; Sepe" aVIDEOCASSETTA CON LA SECONDA PARTE DELLA TRASMISSIONE TELEVISIVA DI TOTEM,ANDATA IN ONDA IL 28.12.1998 SU RAITRE. ALLEGATO OPUSCOLO DI 36 PAGINE DI COMMENTI E INTERVISTE AI PROTAGONISTI DI TOTEM. TOTEM NON E' TEATRO, MA QUALCOSA DI SIMILE: PAROLE, MUSICA E VOCI. aPAL, STEREO aITALIANO aTEATRALEeTV-TEATRO/DANZA [VHS]xCodice MATERIA SPICS: 9961 aBaricco Alessandroe(regista)gCodice secondo regista SPICS: 26431 aGrimaldi Antonello e(regista)gCodice regista SPICS: 21641 aTarasco Robertoe(musica)gCodice Musica SPICS: 55526 aVacis Gabriele e(soggetto)gCodice Soggetto SPICS: 55525